A country with an opportunity : (Record no. 91286)

MARC details
000 -LEADER
fixed length control field 00654cam a22001931i 4500
001 - CONTROL NUMBER
control field tmp96031105
003 - CONTROL NUMBER IDENTIFIER
control field DLC
005 - DATE AND TIME OF LATEST TRANSACTION
control field 20260227112757.0
008 - FIXED-LENGTH DATA ELEMENTS--GENERAL INFORMATION
fixed length control field 120918s1916 nyu 000 0 eng
010 ## - LIBRARY OF CONGRESS CONTROL NUMBER
LC control number tmp96031105
040 ## - CATALOGING SOURCE
Original cataloging agency DLC
Transcribing agency DLC
Modifying agency DLC
050 00 - LIBRARY OF CONGRESS CALL NUMBER
Classification number HC106
Item number .V34
100 1# - MAIN ENTRY--PERSONAL NAME
Personal name Vanderlip, Frank A.
Fuller form of name (Frank Arthur),
Dates associated with a name 1864-1937.
245 12 - TITLE STATEMENT
Title A country with an opportunity :
Remainder of title an address before the Bankers' Club of Chicago, December 16, 1916 /
Statement of responsibility, etc. F. A. Vanderlip.
260 ## - PUBLICATION, DISTRIBUTION, ETC.
Place of publication, distribution, etc. New York :
Name of publisher, distributor, etc. National City Bank,
Date of publication, distribution, etc. 1916.
300 ## - PHYSICAL DESCRIPTION
Extent 23 p. ;
Dimensions 23 cm.
651 #0 - SUBJECT ADDED ENTRY--GEOGRAPHIC NAME
Geographic name United States
General subdivision Economic conditions.
650 #0 - SUBJECT ADDED ENTRY--TOPICAL TERM
Topical term or geographic name entry element Banks and banking
Geographic subdivision United States.

No items available.

Powered by Koha